| 000 | 01143pam a2200289 a 4500 | ||
|---|---|---|---|
| 999 |
_c6039 _d6039 |
||
| 001 | 4453610 | ||
| 003 | OSt | ||
| 005 | 20200125123438.0 | ||
| 008 | 950920s1996 njua b 001 0 eng | ||
| 010 | _a 95043663 | ||
| 020 | _a013213778X | ||
| 020 | _a9788120312821 | ||
| 040 |
_aDLC _beng _cDLC _dDLC |
||
| 050 | 0 | 0 |
_aT58.6 _b.L376 1996 |
| 082 | 0 | 0 |
_a658.4038 _220 _bLAU/M |
| 100 | 1 |
_aLaudon, Kenneth C., _d1944- _91510 |
|
| 245 | 1 | 0 |
_aManagement information systems : _borganization and technology / _cKenneth C. Laudon, Jane Price Laudon. |
| 250 | _a4th ed. | ||
| 260 |
_aUpper Saddle River, N.J. : _bPrentice Hall, _cc1996. |
||
| 300 |
_a1 v. (various pagings) : _bill. (some col.) ; _c29 cm. |
||
| 504 | _aIncludes bibliographical references and indexes. | ||
| 650 | 0 | _aManagement information systems. | |
| 700 | 1 |
_aLaudon, Jane P. _q(Jane Price) _91555 |
|
| 906 |
_a7 _bcbc _corignew _d1 _eocip _f19 _gy-gencatlg |
||
| 942 |
_2ddc _cBK _h658.4038 _iLAU/M _k658.4038 _mLAU/M |
||